000 00869nam a2200229 a 4500
001 74085
003 BD-RjUL
005 20211209082506.0
008 180219s2014 bg ||||| |||| 000 0 ben d
020 _a9789849043430
_cTk. 475.00
035 _a(BD-RjUL)74303
040 _aBD-RjUL
_beng
_cBD-RjUL
041 _aben
082 _223
_a891.4409
_bSAD 2014
100 1 _aসাহা, সনৎ্কুমার
_9220216
245 1 0 _aদেখা - অদেখা /
_cসনৎ্কুমার সাহা,
260 _aঢাকা :
_bইত্যাদি গ্রন্থ প্রকাশ ,
_c২০১৪
300 _a৩১০ পৃ. ;
_c২২ সেমি.
650 _aবাংলা সাহিত্য
_vইতিহাস ও সমালোচনা
_9220217
650 _aBengali Literature
_vHistory & Criticism
_9220218
942 _2ddc
_cBK
999 _c74085
_d74085